000 01177nam a2200301Ia 4500
001 ebr10251422
003 CaPaEBR
006 m u
007 cr cn|||||||||
008 071027s2008 enkab sb 001 0 eng d
020 _z9781841501901
020 _z1841501905
040 _aCaPaEBR
_cCaPaEBR
035 _a(OCoLC)646763692
050 1 4 _aDD881
_b.M36 2008eb
100 1 _aManghani, Sunil.
245 1 0 _aImage critique & the fall of the Berlin Wall
_h[electronic resource] /
_cSunil Manghani.
246 3 _aImage critique and the fall of the Berlin Wall
260 _aBristol, UK ;
_aChicago :
_bIntellect,
_c2008.
300 _a230 p. :
_bill., maps.
504 _aIncludes bibliographical references and indexes.
533 _aElectronic reproduction.
_bPalo Alto, Calif. :
_cebrary,
_d2009.
_nAvailable via World Wide Web.
_nAccess may be limited to ebrary affiliated libraries.
650 0 _aVisual communication.
650 0 _aImage (Philosophy)
655 7 _aElectronic books.
_2local
710 2 _aebrary, Inc.
856 4 0 _uhttp://site.ebrary.com/lib/rucke/Doc?id=10251422
_zAn electronic book accessible through the World Wide Web; click to view
999 _c150050
_d150050